| 000 | 00659nam a2200205 a 4500 | ||
|---|---|---|---|
| 001 | BRL_406 | ||
| 005 | 20190320210727.0 | ||
| 008 | 070813s1955----mx-a######---#000-0#spa-# | ||
| 041 | _aspa | ||
| 044 | _amx | ||
| 050 | 4 |
_aF1219 _b.M66 2 1955 |
|
| 100 | 1 |
_aGarcía Payon, José _923815 |
|
| 245 | 1 | 0 |
_aExploraciones en el Tajin _bTemporada 1953 y 1954 |
| 260 |
_aMéxico _bInstituto Nacional de Antropología e Historia _c1955 |
||
| 300 |
_a38 p. _bil., mapas _c23 cm. |
||
| 440 | 0 |
_aDirección de monumentos pre-hispanicos _pInformes _v2 _923816 |
|
| 651 | 4 |
_aTajín (Sitio arqueológico) _zPapantla, Veracruz (México) _923817 |
|
| 902 | _aGRL | ||
| 942 |
_2lcc _cB |
||
| 999 |
_c9219 _d9219 |
||